000
00155 a2200073 4500
020
_a
0590568930
082
_a
0940004867
245
_a
The curse of Camp Cold Lake
999
_c
792508
_d
792507
942
_w
13411
_x
Bongani Makatu
_y
13411
_z
Bongani Makatu